000
00254nam a22001097a 4500
082
_a
425
_b
FER/K
100
_a
FERLIN,M
245
_a
DONDO'S MODERN FRENCH COURSE
260
_a
MADRAS
_b
OXFORD UNIVERSITY PRESS
650
_a
FRENCH COURSE
_z
INDIA
942
_c
BK
999
_c
3710
_d
3710